| 000 | 02216nam a2200337 i 4500 | ||
|---|---|---|---|
| 003 | DO-SdBNP | ||
| 005 | 20250917143218.0 | ||
| 007 | ta | ||
| 008 | 220601b2021 dr ag||| |||| 00| 0 spa d | ||
| 020 | _a9789945931129 | ||
| 040 |
_aDO-SdBNP _bspa _cBNPHU _erda |
||
| 041 | _aspa | ||
| 082 | 4 |
_a929.6097293 _bG633s 2021 _222 |
|
| 100 | 1 |
_aGómez, Wilson, _eautor _4aut. _98532 |
|
| 245 | 1 | 0 |
_aSimbología patriótica de la República Dominicana / _cWilson S. Gómez Ramírez ; prólogo, José Joaquín Pérez Saviñón. |
| 250 | _aTercera edición | ||
| 264 | 1 |
_aSanto Domingo, República Dominicana : _bInstituto Duartiano, _c2021. |
|
| 300 |
_a226 páginas : _bilustraciones, música ; _c23 cm. |
||
| 336 |
_atexto _btxt _2rdacontent |
||
| 337 |
_asin mediación _bn _2rdamedia |
||
| 338 |
_avolumen _bnc _2rdacarrier |
||
| 504 | _aBibliografía: páginas 215-218 | ||
| 505 | 0 |
_aPrólogo. -- _gCapítulo 1 _tSurgimiento de la bandera en el mundo. -- _gCapítulo 2 _tDiseño y confección de la bandera nacional dominicana. -- _gCapítulo 3 _tOrigen del escudo en el mundo. -- _gCapítulo 4 _tDiseño y confección del escudo nacional dominicano. -- _gCapítulo 5 _tLa bandera presidencial. -- _gCapítulo 6 _tLos himnos del mundo. -- _gCapítulo 7 _tEl himno nacional dominicano. -- _gCapítulo 8 _tHimnos patrióticos. -- _gAnexos 1 _tBiografía del maestro José Reyes. -- _gAnexos 2 _tBiografía del maestro Emilio Prud'homme. -- _gAnexos 3 _tLey núm.210-19, de fecha 12 de julio de 2019, que regula el uso de los símbolos patrios de la República Dominicana. -- _gAnexo 4 _tLey No. 193-19 Dispone que las imágenes de los patricios Juan Pablo Duarte, Francisco del Rosario Sánchez y Ramón Matías Mella sean colocadas en todas las instituciones públicas del país. G. O. No. 10945 del 24 de junio de 2019. -- _gAnexo 5 _tEscudos y banderas provinciales. -- _tBibliografía. |
|
| 590 | _aInventariado, 2022/BT | ||
| 650 | 4 |
_aEmblemas nacionales _zRepública Dominicana _910404 |
|
| 650 | 4 |
_aBanderas _zRepública Dominicana _955099 |
|
| 650 | 4 |
_aEscudos nacionales _zRepública Dominicana _955100 |
|
| 700 | 1 |
_aPérez Saviñón, José Joaquín, _eprologuista _4pr. _955022 |
|
| 910 | _aBtavárez. Validado MFF | ||
| 942 |
_2ddc _cLBS1 |
||
| 999 |
_c51871 _d51871 |
||